[Event "Bad Woerishofen op"]
[Site "Bad Woerishofen"]
[Date "2001.??.??"]
[Round "7"]
[White "Varga, Zoltan"]
[Black "Dittmar, Peter"]
[Result "1-0"]
[WhiteElo "2519"]
[BlackElo "2339"]
[Annotator "ChessOrg"]
[PlyCount "53"]
[EventDate "1998.03.05"]
[Source "ChessBase"]
[SourceDate "1998.04.29"]

1. c4 {B10: Caro-Kann-Verteidigung} 1... c6 2. e4 d5 3. cxd5 cxd5 4. exd5 Nf6
5. Bb5+ Nbd7 6. Nc3 a6 7. Be2 Nb6 8. d4 {letzter Buchzug} 8... g6 9. Nf3 Bg7
10. Ne5 O-O 11. Bf3 Nbxd5 12. Qb3 Be6 13. Qxb7 Rb8 14. Qxa6 Nb4 15. Qe2 Qxd4
16. O-O Nfd5 17. Nxd5 Bxd5 18. Bxd5 Qxd5 19. Bf4 Nxa2 (19... Qe6 $5 $14 $142)
20. Nc6 $1 $18 20... Rb7 (20... Qxc6 21. Bxb8) 21. Nxe7+ Rxe7 22. Qxe7 Bxb2 23.
Bh6 Bg7 24. Bxg7 Kxg7 25. Qa3 Ra8 26. Qb2+ f6 27. Rfd1 (27. Rfd1 Qf7 28. Rd2
$18) 1-0

[Event "Bad Woerishofen op"]
[Site "Bad Woerishofen"]
[Date "2001.??.??"]
[Round "9"]
[White "Varga, Zoltan"]
[Black "Hartoch, Robert"]
[Result "1-0"]
[WhiteElo "2519"]
[BlackElo "2319"]
[Annotator "ChessOrg"]
[PlyCount "41"]
[EventDate "1998.03.05"]
[Source "ChessBase"]
[SourceDate "1998.04.29"]

1. e4 {A42: Moderne Verteidigung (mit c2-c4/ohne Sf6)} 1... g6 2. d4 Bg7 3. c4
d6 4. Nc3 e5 5. Nf3 exd4 6. Nxd4 Nc6 7. Be3 7... Nh6 {letzter Buchzug} 8. Be2
O-O 9. Nxc6 bxc6 10. Qd2 Ng4 11. Bxg4 Bxg4 12. Bh6 Be6 13. Bxg7 Kxg7 14. O-O c5
15. b3 Qd7 16. f4 f6 17. Rad1 Qc6 18. e5 Rad8 19. exf6+ Rxf6 20. Rfe1 (20. Rde1
20... Qd7 $14) 20... Kg8 (20... Rdf8 $5 $14) 21. f5 $1 $16 (21. f5 Bxf5 22. Nd5
$18) 1-0

[Event "Bad Woerishofen op"]
[Site "?"]
[Date "2001.??.??"]
[Round "1"]
[White "Vatter, Hans-Joachim"]
[Black "Martino-Gross, Peter"]
[Result "1-0"]
[WhiteElo "2342"]
[BlackElo "1936"]
[Annotator "ChessOrg"]
[PlyCount "131"]
[EventDate "2000.??.??"]

1. e4 {C02: Franzoesische Verteidigung (Vorstossvariante)} 1... e6 2. d4 d5 3.
e5 c5 4. c3 Qb6 5. Nf3 Nc6 6. a3 c4 7. Qc2 {letzter Buchzug} 7... f5 8. exf6
Nxf6 9. Bf4 Be7 10. Nbd2 O-O 11. Be2 Bd7 12. O-O Be8 13. Ne5 Nxe5 14. Bxe5 Bg6
15. Qc1 Bd6 (15... Nd7 16. Nf3 $11) 16. Nf3 h6 (16... Be7 17. Re1 $11) 17. Re1
(17. Bxd6 Qxd6 18. Ne5 18... Bf5 $14) 17... Qc7 (17... Ng4 18. Bxd6 Qxd6 19. h3
Rxf3 20. hxg4 $11) 18. Bxd6 $14 18... Qxd6 19. Ne5 Bh7 20. Qe3 (20. Bf3 20...
Nd7 $14) 20... Rae8 (20... Qb6 21. Qh3 $11) 21. f4 Ne4 (21... Nd7 22. Nxd7 Qxd7
23. Bf3 $14) 22. Bh5 Rc8 23. Re2 Rf6 24. g3 b5 25. Bf3 a5 26. Bg2 a4 27. Rae1
Rb8 28. h4 Rbf8 29. Rf1 Re8 30. g4 Rff8 31. g5 Bf5 32. Kh2 Kh7 33. Rg1 Qc7 34.
Bf3 Re7 35. Reg2 Nd6 36. gxh6 gxh6 37. Bh5 37... Qc8 $2 (37... Rd8 38. Qg3 Ne4
39. Bg6+ Kh8 40. Qf3 $18) 38. Qg3 (38. Ng6 $142 38... Rd7 39. Nxf8+ Qxf8 40.
Bg6+ Bxg6 41. Rxg6 $18) 38... Rf6 $16 39. Bf3 (39. Qf2 39... Qc7 $16) 39... Qe8
40. h5 (40. Qf2 40... Be4 $14) 40... Rb7 (40... Be4 41. Qh4 Bxf3 42. Nxf3 $14)
41. Qh4 $14 41... Rf8 42. Ng6 Rff7 (42... Rg8 43. Rg3 $11) 43. Qe1 Ne4 44. Nh4
Rg7 45. Rg6 (45. Nxf5 $142 45... Rxg2+ 46. Bxg2 exf5 47. Bf3 $11) 45... Qh8 $2
(45... Bxg6 46. hxg6+ Kh8 47. Bxe4 dxe4 48. Qxe4 $14) 46. Qe3 (46. Rxe6 $1 $142
46... Rxg1 47. Qxg1 $18 (47. Kxg1 $6 47... Qg7+ (47... Bxe6 $143 48. Bxe4+ Kg8
49. Bxd5 Qg7+ 50. Bg2 $16) 48. Kh2 Bxe6 49. Bxe4+ 49... Kg8 $11 (49... dxe4
$143 50. Qxe4+ Kh8 51. Ng6+ Kg8 52. Qxe6+ Kh7 53. Qf5 $16))) 46... Qd8 $14 (
46... Bxg6 $2 47. hxg6+ Kg8 48. Bxe4 $18) 47. Nxf5 exf5 48. Kh3 Qf8 49. Qe1
Rbf7 50. R1g2 Qe7 51. Qg1 Qd7 52. Qe1 (52. Rxg7+ Rxg7 53. Rxg7+ Qxg7 54. Qxg7+
54... Kxg7 $11) 52... Qe7 53. Qh4 Qxh4+ 54. Kxh4 Nf6 55. Re2 (55. Kh3 55... Ne4
$16) 55... Rxg6 $11 56. hxg6+ Kxg6 57. Re6 Rb7 (57... Rd7 $5 $14) 58. Bxd5 $16
58... Rb8 59. Bc6 Kf7 60. Re5 Rg8 61. Rxf5 Ke6 62. Re5+ Kd6 63. Bxb5 Rg4+ 64.
Kh3 Rxf4 65. Bxc4 Rf2 (65... h5 $18) 66. Kg3 (66. Kg3 Rxb2 67. Re6+ Kc7 68.
Rxf6 $18) 1-0

[Event "Bad Woerishofen op"]
[Site "Bad Woerishofen"]
[Date "2001.??.??"]
[Round "3"]
[White "Vatter, Hans-Joachim"]
[Black "Pelletier, Yannick"]
[Result "0-1"]
[WhiteElo "2342"]
[BlackElo "2548"]
[Annotator "ChessOrg"]
[PlyCount "124"]
[EventDate "1998.03.05"]
[Source "ChessBase"]
[SourceDate "1998.04.29"]

1. e4 {B63: Sizilianisch (Richter/Rauser-Angriff)} 1... c5 2. Nf3 d6 3. d4 cxd4
4. Nxd4 Nf6 5. Nc3 Nc6 6. Bg5 e6 7. Qd2 h6 8. Bxf6 gxf6 9. Nb3 {letzter Buchzug
} 9... a6 10. O-O-O b5 11. f4 Qb6 12. Be2 h5 13. Bf3 Ne5 14. Rhf1 (14. Nd4
14... Bb7 $11) 14... Bb7 15. Kb1 (15. Be2 Ng4 16. Qd4 Qxd4 17. Rxd4 17... e5
$11) 15... Nxf3 (15... Ng4 16. Bxg4 hxg4 17. f5 $15) 16. gxf3 (16. Rxf3 $143
16... b4 17. Nd5 exd5 18. exd5 18... a5 $17) 16... O-O-O (16... b4 17. Ne2 $15)
17. f5 Bh6 18. Qg2 (18. Qd4 Qxd4 19. Nxd4 19... Kd7 $15) 18... b4 19. Ne2 d5
20. fxe6 fxe6 (20... Qxe6 $143 21. Nc5 Qc6 22. Qh3+ Kb8 23. Nxb7 Qxb7 24. Qf5
$16) 21. exd5 (21. Qg6 $5 $11) 21... Bxd5 $15 22. Nbd4 (22. Qg6 Be3 23. Qd3
23... Rhg8 $15) 22... Kb8 23. Qg6 (23. Rfe1 e5 24. Nb3 24... Rhg8 $17) 23... e5
$19 24. Nf5 (24. Nb3 $5 $19 $142) 24... Rdg8 25. Qxh5 25... Bd2 $1 26. Qxh8 (
26. Rxd2 Rxh5) 26... Rxh8 27. Rxd2 27... Bxa2+ $1 (27... Rxh2 $6 28. Rxd5 Rxe2
29. Rfd1 $17) 28. Kxa2 Qe6+ 29. Kb1 Qxf5 30. Ng3 Qf4 31. Rd6 (31. Re2 31... Rh3
$19) 31... Rc8 (31... Rxh2 $5 32. Ne4 $19) 32. b3 Kb7 33. Kb2 (33. Rd3 33... a5
$17) 33... e4 (33... Kc7 34. Rfd1 34... Rh8 $19) 34. Nxe4 $2 (34. Rd7+ $142
34... Kc6 35. Re7 exf3 36. Re4 $19) 34... Qe5+ 35. Kb1 f5 (35... Qxh2 $6 36.
Rd2 Qf4 37. Rfd1 $17) 36. Rd7+ Kc6 37. Rd6+ Kc7 38. Rfd1 (38. Rh6 fxe4 39. fxe4
39... Rd8 $19) 38... fxe4 39. R6d5 Qxh2 40. Rc5+ (40. fxe4 Re8 41. Rd7+ 41...
Kc6 $19) 40... Kb8 41. Rxc8+ Kxc8 42. fxe4 Kc7 43. Rd3 (43. Rf1 43... Kd7 $19)
43... Qh1+ 44. Kb2 Qxe4 45. Kb1 Kc6 46. Rd1 Kc5 47. Kb2 Qf3 48. Rd7 Kc6 49. Rh7
Qf6+ 50. Kb1 Kd5 51. Rc7 Qf4 52. Rc8 Qf1+ 53. Kb2 Qf5 54. Rd8+ Ke4 55. Rd1 Ke3
56. Kb1 Ke2 57. Rd6 a5 58. Rc6 Qe5 59. Rc8 Qd4 60. Rg8 Qd1+ 61. Kb2 Qd5 62. Rg4
(62. Re8+ 62... Kd2 $19) 62... Kd2 (62... Kd2 63. Rg6 Qe5+ 64. Kb1 Qe1+ 65. Ka2
Kc1 66. Rh6 a4 67. bxa4 Qd2 68. Rh1+ Kxc2 69. Rb1 Qc3 70. Rxb4 Qxb4 71. a5
Qxa5#) 0-1

[Event "Bad Woerishofen op"]
[Site "Bad Woerishofen"]
[Date "2001.??.??"]
[Round "5"]
[White "Vatter, Hans-Joachim"]
[Black "Noras, Peter"]
[Result "1-0"]
[WhiteElo "2342"]
[BlackElo "1632"]
[Annotator "ChessOrg"]
[PlyCount "37"]
[EventDate "1998.03.05"]
[Source "ChessBase"]
[SourceDate "1998.04.29"]

1. e4 {B01: Skandinavische Verteidigung} 1... d5 2. Nc3 d4 3. Nce2 c5 4. f4 Nc6
5. Ng3 Nf6 6. Nf3 {letzter Buchzug} 6... Bg4 7. Bb5 a6 8. Bxc6+ bxc6 9. d3 e6
10. O-O Be7 11. h3 Bxf3 12. Qxf3 O-O 13. f5 Bd6 14. Bg5 Be7 (14... Rb8 $5 15.
Rab1 15... e5 $14) 15. e5 $16 15... Nd5 (15... Nd7 $5 $142 16. Bxe7 16... Qxe7
$18) 16. f6 $18 16... gxf6 17. exf6 Bd6 (17... Bxf6 18. Bxf6 Nxf6 19. Qxf6 Qxf6
20. Rxf6 20... Rab8 $18) 18. Qg4 Kh8 (18... h5 19. Qxh5 Nc7 20. Bh6 Ne8 21.
Qg5+ Kh7 22. Bg7 Qxf6 23. Bxf6 Bf4 24. Rxf4 Nxf6 25. Rh4+ Nh5 26. Rxh5#) 19.
Bh6 (19. Bh6 Qxf6 20. Rxf6 $18) 1-0

[Event "Bad Woerishofen op"]
[Site "Bad Woerishofen"]
[Date "2001.??.??"]
[Round "7"]
[White "Vatter, Hans-Joachim"]
[Black "Jaenig, Reinhard"]
[Result "1-0"]
[WhiteElo "2342"]
[BlackElo "2090"]
[Annotator "ChessOrg"]
[PlyCount "81"]
[EventDate "1998.03.05"]
[Source "ChessBase"]
[SourceDate "1998.04.29"]

1. e4 {B40: Sizilianisch (Klassisches System mit e7-e6))} 1... c5 2. Nf3 e6 3.
d4 cxd4 4. Nxd4 Qb6 5. Nc3 Bc5 6. Na4 Qa5+ 7. c3 Bxd4 8. Qxd4 8... e5 {
letzter Buchzug} 9. Qc5 Qxc5 10. Nxc5 Nf6 11. f3 d6 12. Bb5+ Ke7 13. Nd3 h6 14.
Be3 Be6 15. Ke2 Nc6 16. Ba4 Rhd8 17. Rhd1 Na5 18. Nxe5 Nxe4 (18... dxe5 19.
Bc5+ $18) 19. Nd3 (19. fxe4 dxe5) 19... Nf6 20. Nf4 Nc4 21. Bc1 Rac8 22. Kf2 g5
23. Ne2 Nd5 24. Nd4 Kf6 25. Bc2 Ne5 26. Be4 Nf4 27. g3 Nh3+ 28. Kg2 g4 29. Nxe6
fxe6 30. fxg4 Ng5 31. Bxb7 Rb8 32. Ba6 Nxg4 33. Be2 Ne5 34. c4 d5 35. b3 d4 (
35... dxc4 $5 36. Bb2 Rxd1 37. Rxd1 Ngf7 38. Bxc4 38... Rc8 $18) 36. Rf1+ Kg6 (
36... Kg7 37. Bf4 Ngf7 38. Bh5 $18) 37. Bf4 Ngf7 38. Rae1 Rb6 (38... Rbc8 39.
Bxe5 Nxe5 40. Bh5+ Kxh5 41. Rxe5+ Kg6 42. Rxe6+ Kg7 43. Re7+ Kg6 44. Rxa7 $18)
39. Bd1 Nd7 (39... Nxc4 40. bxc4 Rb2+ 41. Kg1 Rxa2 42. Rxe6+ Kh7 43. Re7 $18)
40. Bc7 Ra6 41. Rxf7 $1 (41. Rxf7 Kxf7 42. Bxd8 Rxa2+ 43. Kh3 $18) 1-0

[Event "Bad Woerishofen op"]
[Site "Bad Woerishofen"]
[Date "2001.??.??"]
[Round "9"]
[White "Vatter, Hans-Joachim"]
[Black "Maahs, Erich"]
[Result "1/2-1/2"]
[WhiteElo "2342"]
[BlackElo "2199"]
[Annotator "ChessOrg"]
[PlyCount "42"]
[EventDate "1998.03.05"]
[Source "ChessBase"]
[SourceDate "1998.04.29"]

1. d4 {D07: Damengambit (Tschigorin-Verteidigung)} 1... d5 2. c4 Nc6 3. Nc3 e5
4. cxd5 Nxd4 5. e3 Nf5 6. Nf3 Bd6 7. Bb5+ Bd7 8. Bxd7+ Qxd7 9. e4 Nfe7 10. O-O
{letzter Buchzug} 10... Nf6 11. Bg5 h6 12. Bxf6 (12. Bh4 12... c6 $14) 12...
gxf6 $11 13. Nh4 f5 14. exf5 Nxf5 15. Nxf5 Qxf5 16. Qa4+ Qd7 17. Nb5 a6 18.
Nxd6+ cxd6 19. Qh4 Qe7 (19... Rg8 20. Rac1 $11) 20. Qh3 Qd7 21. Qh4 Qe7 1/2-1/2

[Event "Bad Woerishofen op"]
[Site "Bad Woerishofen"]
[Date "2001.??.??"]
[Round "2"]
[White "Voeller, Lothar"]
[Black "Probst, Joachim"]
[Result "0-1"]
[WhiteElo "1650"]
[BlackElo "1925"]
[Annotator "ChessOrg"]
[PlyCount "118"]
[EventDate "1998.03.05"]
[Source "ChessBase"]
[SourceDate "1998.04.29"]

1. e4 {B13: Caro-Kann (Abtausch-Variante 4.c4)} 1... c6 2. d4 d5 3. exd5 cxd5
4. Nf3 Nc6 5. Be2 {letzter Buchzug} 5... Nf6 6. O-O e6 7. Nbd2 Be7 8. c3 O-O 9.
Re1 a6 10. Nf1 b5 11. a3 Bb7 12. Bf4 Rc8 13. Bd3 Re8 14. Rc1 g6 15. h3 Nh5 16.
Bh6 Bf6 17. g4 Ng7 18. Ng3 Be7 19. Bb1 Bd6 20. Qd3 Qc7 21. Nh5 (21. Ne2 21...
Na5 $11) 21... Nxh5 22. gxh5 Bf4 (22... e5 $11 $142) 23. hxg6 $4 (23. Bxf4 Qxf4
24. hxg6 24... hxg6 $14) 23... hxg6 $4 (23... Bxh6 $142 24. gxh7+ 24... Kh8 $19
) 24. Bxf4 $14 24... Qxf4 25. Ne5 Nxe5 26. dxe5 Kg7 27. Qg3 Qh6 28. Rcd1 Rh8
29. Re3 Rc4 30. Rd4 Qh5 31. Qf4 Qh4 32. Qxh4 Rxh4 33. Red3 Re4 34. Rxc4 $4 (34.
Rxe4 $142 34... Rxe4 35. Re3 Rxe3 36. fxe3 $11) 34... Re1+ $19 (34... Rxc4 $6
35. Rg3 $11) (34... dxc4 $6 35. Re3 Rxe3 36. fxe3 $11) 35. Kh2 bxc4 (35... dxc4
$6 36. Rd7 Bd5 37. Bc2 $19) 36. Rd2 Rxb1 37. Kg3 Kh6 38. Kf4 (38. f4 38... Kh5
$19) 38... g5+ 39. Ke3 Rh1 40. Kd4 Bc6 41. Kc5 Bb5 42. Kb4 Kg6 43. a4 Bd7 44.
b3 (44. Re2 Rxh3 45. Rd2 45... Kf5 $19) 44... Rb1 45. Kc5 Rxb3 46. a5 (46. Kd4
Bxa4 47. Ra2 47... Bb5 $19) 46... Bb5 (46... Rxc3 $142 47. f4 gxf4 48. h4 $19)
47. Rc2 (47. Kd4 47... Kf5 $19) 47... Kf5 48. Kd6 Ra3 49. f3 (49. Ke7 Rxa5 50.
Kxf7 50... Ra1 $19) 49... Rxa5 50. Rh2 Ra3 51. h4 gxh4 52. Rxh4 Rxc3 53. f4 (
53. Rh5+ Kg6 54. Rh3 54... Rb3 $19) 53... Rf3 54. Rh7 Kg6 55. Rh4 d4 56. f5+ (
56. Rg4+ Kf5 57. Rg7 c3 58. Rxf7+ 58... Ke4 $19) 56... Rxf5 (56... Kxf5 $142
57. Rh5+ Ke4 58. Rh4+ Rf4 59. Rh1 $19) 57. Rxd4 Rf3 58. Rg4+ (58. Rh4 Rd3+ 59.
Kc5 59... c3 $19) 58... Kf5 59. Rg7 Ke4 (59... Ke4 60. Kc5 60... c3 $19) 0-1

[Event "Bad Woerishofen op"]
[Site "Bad Woerishofen"]
[Date "2001.??.??"]
[Round "4"]
[White "Voeller, Lothar"]
[Black "Porubszki, Georg"]
[Result "0-1"]
[WhiteElo "1650"]
[BlackElo "1908"]
[Annotator "ChessOrg"]
[PlyCount "48"]
[EventDate "1998.03.05"]
[Source "ChessBase"]
[SourceDate "1998.04.29"]

1. e4 {B13: Caro-Kann (Abtausch-Variante 4.c4)} 1... c6 2. d4 d5 3. exd5 cxd5
4. Nf3 Nc6 5. Be2 {letzter Buchzug} 5... e6 6. O-O Nf6 7. Nbd2 a6 8. Re1 Be7 9.
Nf1 O-O 10. c3 Ne4 (10... b5 11. Bf4 $14) 11. Bf4 b5 12. a3 Bb7 13. Rc1 Na5 14.
N1d2 f5 15. b4 Nc4 16. Nxc4 dxc4 17. Ne5 g5 18. Bd2 Bf6 19. f4 g4 20. Be3 h5 (
20... a5 $15 $142) 21. g3 $4 (21. a4 $11 $142) 21... Qd5 $19 22. Bf1 $4 (22.
Nf3 $19) 22... Nxg3 $3 23. hxg3 (23. Nf3 Nxf1 24. Kxf1 Qxf3+ 25. Qxf3 Bxf3 26.
Bf2 $19) 23... Qh1+ 24. Kf2 Qh2+ (24... Qh2+ 25. Bg2 Qxg2#) 0-1

[Event "Bad Woerishofen op"]
[Site "Bad Woerishofen"]
[Date "2001.??.??"]
[Round "7"]
[White "Voeller, Lothar"]
[Black "Mueller, Wolfgang"]
[Result "1-0"]
[WhiteElo "1650"]
[BlackElo "1900"]
[Annotator "ChessOrg"]
[PlyCount "91"]
[EventDate "1998.03.05"]
[Source "ChessBase"]
[SourceDate "1998.04.29"]

1. e4 {B50: Sizilianisch (Verschiedenes mit 2...d6)} 1... c5 2. c3 d6 3. Nf3
Nf6 4. Bd3 g6 5. Bc2 Bg7 6. d3 {letzter Buchzug} 6... Nc6 7. h3 O-O 8. O-O b5
9. Re1 Bd7 (9... d5 10. Nbd2 $11) 10. Be3 Qc8 11. Nbd2 Nh5 12. Nf1 (12. d4 cxd4
13. cxd4 13... e5 $14) 12... h6 (12... f5 13. d4 $11) 13. Bb3 Kh7 14. Bd5 (14.
d4 $5 $14) 14... e6 $11 15. Bxc6 (15. Bb3 15... f5 $11) 15... Bxc6 16. g4 Nf6
17. Ng3 e5 18. Nh4 d5 (18... Qd7 19. Ng2 $11) 19. f3 (19. Bxc5 19... Re8 $16)
19... Ng8 (19... d4 $5 $142 20. Bf2 20... Qe6 $15) 20. Bxc5 $14 20... Rd8 21.
Qe2 Nf6 22. Be3 d4 23. cxd4 exd4 24. Bf2 Qe6 25. b3 Bf8 26. Ng2 Bb4 27. Red1
Bc3 28. Rac1 a5 29. f4 Qe7 30. Kh2 a4 (30... Rac8 $5 $16) 31. Bxd4 $1 $18 31...
Bxd4 (31... Rxd4 32. Rxc3) 32. Rxc6 axb3 33. axb3 Rdc8 34. Rdc1 (34. Qc2 34...
Qd8 $18) 34... Rxc6 35. Rxc6 Ra1 36. Nf1 (36. Ne1 Qd7 37. Rc2 37... Rb1 $16)
36... Qb4 (36... Nd5 37. Rc2 Nb4 38. Rd2 $14) 37. Rc7 (37. e5 37... Ne8 $16)
37... Kg7 (37... Qxb3 $5 $142 38. Nh4 38... Qe6 $14) 38. e5 $18 38... Nd5 39.
Rd7 39... Qxb3 $2 (39... Nb6 $142 40. Rd8 40... Qc5 $18) 40. e6 Nxf4 (40... Nf6
41. Rxd4 Qxe6 42. Qxe6 42... fxe6 $18) 41. Rxf7+ Kg8 42. Rxf4 Ra2 (42... Bg7
43. e7 Ra8 44. e8=Q+ Rxe8 45. Qxe8+ Kh7 46. Rf7 $18) 43. Qe4 Rxg2+ (43... Ra7
44. Qxg6+ 44... Bg7 $18) 44. Kxg2 Qb2+ 45. Kh1 Kh7 46. Qxd4 (46. Qxd4 Qxd4 47.
Rxd4 Kg7 48. Rf4 g5 49. Rf5 h5 50. e7 hxg4 51. e8=Q gxh3 52. Rxg5+ Kf6 53. Rg6+
Kf5 54. Qe4#) (46. e7 Qe2 47. Qxe2 h5 48. e8=Q Bg7 49. Q2e6 Bf6 50. Q6g8+ Kh6
51. Qexg6#) 1-0

[Event "Bad Woerishofen op"]
[Site "Bad Woerishofen"]
[Date "2001.??.??"]
[Round "9"]
[White "Voeller, Lothar"]
[Black "Taschner, Peter"]
[Result "1/2-1/2"]
[WhiteElo "1650"]
[BlackElo "2011"]
[Annotator "ChessOrg"]
[PlyCount "45"]
[EventDate "1998.03.05"]
[Source "ChessBase"]
[SourceDate "1998.04.29"]

1. e4 {B01: Skandinavische Verteidigung} 1... d5 2. exd5 Qxd5 3. Nc3 Qa5 4. d4
c6 5. Nf3 Nf6 6. Bd2 Bg4 7. Be2 {letzter Buchzug} 7... Nbd7 8. O-O Qb6 9. Na4
Qc7 10. c4 e6 11. Nc3 Be7 12. Rc1 Rd8 13. Qa4 (13. Be3 $5 $11) 13... Bxf3 14.
Bxf3 Nb6 15. Qa5 Qb8 (15... Bd6 $142 16. Ne2 16... Nbd7 $11) 16. Qg5 (16. Ne2
$142 16... Nc8 17. Bf4 $11) 16... Rxd4 $19 17. Be3 (17. Ne2 Ng4 18. Bf4 Bxg5
19. Bxb8 Bxc1 20. Rxc1 $17) 17... Ng4 $1 18. Qh5 (18. Bxg4 Bxg5) 18... Nxe3 (
18... g6 $5 $142 19. Qh3 Nxe3 20. fxe3 20... Rh4 $19) 19. fxe3 $17 19... Rh4 (
19... g6 20. Bxc6+ bxc6 21. Qf3 $17) 20. Bxc6+ bxc6 21. Qxf7+ Kd8 22. Rcd1+ (
22. Rfd1+ $5 $142 22... Nd5 23. g3 $11) 22... Nd7 $4 (22... Nd5 23. Rf4 Rxf4
24. Qxf4 Qxf4 25. exf4 Bd6 26. cxd5 26... exd5 $15) 23. g3 (23. Rxd7+ Kxd7 24.
Rd1+ Qd6 25. Rxd6+ Kxd6 26. Qxg7 26... Rf8 $18) 1/2-1/2

[Event "Bad Woerishofen op"]
[Site "?"]
[Date "2001.??.??"]
[Round "1"]
[White "Vonach, Bernd"]
[Black "Stumpf, Heinz"]
[Result "0-1"]
[WhiteElo "1850"]
[BlackElo "2245"]
[Annotator "ChessOrg"]
[PlyCount "70"]
[EventDate "2000.??.??"]

1. e4 {B12: Caro-Kann (Vorstoss-Variante)} 1... c6 2. d4 d5 3. Bd3 dxe4 4. Bxe4
Nf6 5. Bf3 Bf5 6. Ne2 e6 7. O-O {letzter Buchzug} 7... Nbd7 8. Ng3 Bg6 9. c4
Be7 10. Nc3 O-O (10... Nb6 11. c5 Nbd5 12. Bg5 $11) 11. Re1 Nb6 12. b3 a5 13.
a4 Bb4 14. Bb2 Qd7 15. Re3 Rad8 16. Nce4 Nxe4 17. Bxe4 $4 (17. Nxe4 $142 17...
Na8 18. Nc5 $11) 17... f5 $19 18. c5 Na8 (18... fxe4 19. cxb6 e5 20. Nxe4 exd4
21. Re2 $19) 19. Bd3 f4 20. Rxe6 $2 (20. Rf3 fxg3 21. Rxg3 Bxd3 22. Qxd3 22...
Nc7 $19) 20... Qxe6 (20... fxg3 $5 21. Re2 gxf2+ 22. Rxf2 Rxf2 23. Kxf2 Bxc5
24. Bxg6 hxg6 25. Kg1 $19) 21. Bc4 Rd5 22. Ne2 f3 23. Ng3 (23. Nc3 fxg2 24.
Nxd5 24... cxd5 $19) 23... Nc7 24. gxf3 Kh8 25. h4 (25. Bxd5 Qxd5 (25... cxd5
$6 26. Ba3 $19) 26. Ne4 Bxe4 27. fxe4 27... Qxe4 $19) 25... Qf6 (25... Qh3 $5
26. Bxd5 Nxd5 27. Bc1 $19) 26. Bxd5 Nxd5 27. h5 Bf5 28. Qe2 Bd7 29. h6 (29. Rd1
Qxf3 30. Rb1 30... Qxb3 $19) 29... Qxh6 (29... Qxf3 $143 30. hxg7+ Kxg7 31.
Qe5+ Kg8 32. Ne4 Qg4+ 33. Qg3 $19) 30. Bc1 (30. Rd1 30... Qf6 $19) 30... Qf6
31. Be3 31... Bxc5 $1 32. Ne4 Qg6+ 33. Ng3 Bd6 34. Kg2 (34. f4 $19) 34... Re8
35. Kh2 (35. f4 Nxf4+ 36. Bxf4 Rxe2 37. Bxd6 37... Be6 $19) 35... Nxe3 $1 (
35... Nxe3 36. Qd2 Qh5+ 37. Kg1 Qxf3 38. fxe3 Qxg3+ 39. Qg2 Qxe3+ 40. Kh1 Re6
41. Qxg7+ Kxg7 42. Rg1+ Bg3 43. Rxg3+ Qxg3 44. d5 Re1#) 0-1

[Event "Bad Woerishofen op"]
[Site "Bad Woerishofen"]
[Date "2001.??.??"]
[Round "5"]
[White "Vonach, Bernd"]
[Black "Bretscher, Robert"]
[Result "1/2-1/2"]
[WhiteElo "1850"]
[BlackElo "1694"]
[Annotator "ChessOrg"]
[PlyCount "121"]
[EventDate "1998.03.05"]
[Source "ChessBase"]
[SourceDate "1998.04.29"]

1. e4 {C92: Spanische Partie (Tschigorin-Variante)} 1... e5 2. Nf3 Nc6 3. Bb5
a6 4. Ba4 Nf6 5. O-O b5 6. Bb3 Be7 7. Re1 d6 8. c3 O-O 9. h3 Bb7 10. d4 h6 11.
Nbd2 11... Nh7 {letzter Buchzug} 12. Nf1 Bf6 13. Ne3 (13. d5 13... Ne7 $14)
13... Ne7 14. Ng4 Ng6 15. a4 Qe7 16. Qe2 Bc6 (16... exd4 17. Nxd4 Rfe8 18. axb5
(18. Nxf6+ $143 18... Nxf6 19. f3 19... d5 $11) 18... axb5 19. Rxa8 Rxa8 20.
Qxb5 $16) 17. axb5 axb5 18. Rxa8 Rxa8 19. Bd2 Ng5 (19... Bd7 20. Nxf6+ Nxf6 21.
d5 $15) 20. Bxg5 (20. Nxf6+ Qxf6 21. Nxg5 21... hxg5 $16) 20... hxg5 (20...
Bxg5 21. dxe5 21... dxe5 $14) 21. g3 Bd7 22. Kg2 (22. Nxf6+ Qxf6 23. Qe3 g4 24.
hxg4 24... Bxg4 $11) 22... Qd8 (22... Bxg4 23. hxg4 Qd7 24. Kh3 $15) 23. c4 (
23. dxe5 Bxg4 24. hxg4 Nxe5 25. Nxe5 Bxe5 26. Qxb5 26... Rb8 $16) 23... bxc4 (
23... Bxg4 $5 24. hxg4 Qd7 25. cxb5 25... exd4 $15) 24. Qxc4 $11 (24. Nxf6+
$143 24... Qxf6 (24... gxf6 $6 25. Qxc4 Qe7 26. d5 $14) 25. Bd1 exd4 26. Qxc4
Bxh3+ 27. Kxh3 g4+ 28. Kxg4 Qxf3+ 29. Kxf3 Ne5+ 30. Ke2 30... Nxc4 $17) 24...
Be6 25. d5 Bd7 26. Rc1 Ra7 27. Bd1 Qb8 28. Nd2 (28. Nxf6+ $5 $142 28... gxf6
29. b4 $14) 28... Qxb2 $15 29. Qc3 Qb8 30. Nc4 Ne7 31. Nge3 Bb5 32. Rb1 Rb7 33.
Be2 Bxc4 (33... Bd7 34. Ra1 $15) 34. Rxb7 Qxb7 35. Nxc4 Qb1 36. Bd3 Qb8 37. Na5
Qb6 38. Nc4 Qa7 39. Na3 Qb6 40. Nb5 c6 41. dxc6 Qxc6 42. Qxc6 Nxc6 43. Nxd6 Be7
44. Nc4 f6 45. Nd2 Nd4 46. Bc4+ Kf8 47. Nb3 Nxb3 48. Bxb3 Ke8 49. Kf3 g6 50.
Kg4 Kf8 51. h4 gxh4 52. gxh4 Kg7 53. h5 gxh5+ 54. Kxh5 Bd8 55. f3 Be7 56. Ba4
Bc5 57. Be8 Be3 58. Kg4 Bg5 59. Kf5 Kf8 60. Bh5 Ke7 61. Bg6 1/2-1/2